Деформационное поведение алюминиево-магниевого сплава в условиях термомеханического нагружения; Известия Алтайского государственного университета; Т. 2, № 1

Podrobná bibliografie
Parent link:Известия Алтайского государственного университета: научный журнал/ Алтайский государственный университет (АлтГУ).— , 1996-
Т. 2, № 1.— 2015.— [С. 36-39]
Hlavní autor: Макаров С. В. Сергей Викторович
Korporativní autor: Национальный исследовательский Томский политехнический университет (ТПУ) Институт физики высоких технологий (ИФВТ) Кафедра физики высоких технологий в машиностроении (ФВТМ)
Další autoři: Плотников В. А. Владимир Александрович, Колубаев Е. А. Евгений Александрович
Shrnutí:Заглавие с экрана
Приведены данные по накоплению деформации в сплаве АМг6 при изотермическом нагружении образцов. В эксперименте регистрировались параметры в реальном режиме времени: нагрузка, деформация. Образец нагружали сдвиговым напряжением и измеряли сдвиговую деформацию. Нагружение осуществляли изотермически в температурном интервале от 25 до 500 °С. Показано, что при низких температурах основной вклад в накопление деформации вносят макроскопические деформационные скачки. Наряду с монотонным накоплением деформации наблюдаются макроскопические деформационные скачки, дающие существенный вклад в общую деформацию образца. После 300 °С характер накопления меняется: наблюдается экспоненциальный прирост деформации, явно выраженных скачков деформации нет. Однако эффект роста позволяет считать эту стадию накопления деформации как квазискачкообразную, так как монотонные участки накопления при увеличении температуры изотермической выдержки сокращаются и в конечном варианте сливаются в одну быструю квазискач-кообразную стадию накопления.
Strain accumulation data for the AlMg6 alloy under isothermal loading are presented. The recorded realtime parameters of the experiment are the load and the strain. A sample has been loaded by a shear stress, and the shearing strain has been measured. Loading is performed isothermally within the temperature range from 25 °С to 500 °С. It is shown that macroscopic strain jumps provide the main contribution to strain accumulation at low temperatures. Along the monotone strain accumulation, the macroscopic strain jumps with their significant contribution to the overall deformation of the sample are observed. When the temperatures are 300 °С and higher, the strain accumulation behavior undergoes the following changes: the strain increments exponentially without clearly visible strain jumps. However, the strain increment allows this stage of strain accumulation to be treated as a quasi step-like stage. It is explained by the fact that due to increasing of the temperature of isothermal time monotone accumulation areas become smaller until they merge completely into single fast quasi step-like stage of accumulation.
Режим доступа: по договору с организацией-держателем ресурса
Jazyk:ruština
Vydáno: 2015
Témata:
On-line přístup:http://elibrary.ru/item.asp?id=24323051
Médium: MixedMaterials Elektronický zdroj Kapitola
KOHA link:https://koha.lib.tpu.ru/cgi-bin/koha/opac-detail.pl?biblionumber=645827

MARC

LEADER 00000nla0a2200000 4500
001 645827
005 20250328144743.0
035 |a (RuTPU)RU\TPU\network\10931 
035 |a RU\TPU\network\10321 
090 |a 645827 
100 |a 20160127d2015 k||y0rusy50 ca 
101 0 |a rus 
102 |a RU 
135 |a drcn ---uucaa 
181 0 |a i  
182 0 |a b 
200 1 |a Деформационное поведение алюминиево-магниевого сплава в условиях термомеханического нагружения  |f С. В. Макаров, В. А. Плотников, Е. А. Колубаев 
203 |a Текст  |c электронный 
300 |a Заглавие с экрана 
320 |a [Библиогр.: с. 39 (7 назв.)] 
330 |a Приведены данные по накоплению деформации в сплаве АМг6 при изотермическом нагружении образцов. В эксперименте регистрировались параметры в реальном режиме времени: нагрузка, деформация. Образец нагружали сдвиговым напряжением и измеряли сдвиговую деформацию. Нагружение осуществляли изотермически в температурном интервале от 25 до 500 °С. Показано, что при низких температурах основной вклад в накопление деформации вносят макроскопические деформационные скачки. Наряду с монотонным накоплением деформации наблюдаются макроскопические деформационные скачки, дающие существенный вклад в общую деформацию образца. После 300 °С характер накопления меняется: наблюдается экспоненциальный прирост деформации, явно выраженных скачков деформации нет. Однако эффект роста позволяет считать эту стадию накопления деформации как квазискачкообразную, так как монотонные участки накопления при увеличении температуры изотермической выдержки сокращаются и в конечном варианте сливаются в одну быструю квазискач-кообразную стадию накопления. 
330 |a Strain accumulation data for the AlMg6 alloy under isothermal loading are presented. The recorded realtime parameters of the experiment are the load and the strain. A sample has been loaded by a shear stress, and the shearing strain has been measured. Loading is performed isothermally within the temperature range from 25 °С to 500 °С. It is shown that macroscopic strain jumps provide the main contribution to strain accumulation at low temperatures. Along the monotone strain accumulation, the macroscopic strain jumps with their significant contribution to the overall deformation of the sample are observed. When the temperatures are 300 °С and higher, the strain accumulation behavior undergoes the following changes: the strain increments exponentially without clearly visible strain jumps. However, the strain increment allows this stage of strain accumulation to be treated as a quasi step-like stage. It is explained by the fact that due to increasing of the temperature of isothermal time monotone accumulation areas become smaller until they merge completely into single fast quasi step-like stage of accumulation. 
333 |a Режим доступа: по договору с организацией-держателем ресурса 
461 |t Известия Алтайского государственного университета  |o научный журнал  |f Алтайский государственный университет (АлтГУ)  |d 1996- 
463 |t Т. 2, № 1  |v [С. 36-39]  |d 2015 
610 1 |a электронный ресурс 
610 1 |a труды учёных ТПУ 
610 1 |a деформации 
610 1 |a скачкообразные процессы 
610 1 |a нагружение 
700 1 |a Макаров  |b С. В.  |g Сергей Викторович 
701 1 |a Плотников  |b В. А.  |g Владимир Александрович 
701 1 |a Колубаев  |b Е. А.  |c физик  |c инженер Томского политехнического университета, кандидат физико-математических наук   |f 1979-  |g Евгений Александрович  |3 (RuTPU)RU\TPU\pers\31434  |9 15597 
712 0 2 |a Национальный исследовательский Томский политехнический университет (ТПУ)  |b Институт физики высоких технологий (ИФВТ)  |b Кафедра физики высоких технологий в машиностроении (ФВТМ)  |3 (RuTPU)RU\TPU\col\18687 
801 2 |a RU  |b 63413507  |c 20160127  |g RCR 
856 4 0 |u http://elibrary.ru/item.asp?id=24323051 
942 |c CF